মুক্তিযুদ্ধে বাঙালি বুদ্ধিজীবীদের ভূমিকা / (Record no. 75042)
[ view plain ]
| 000 -LEADER | |
|---|---|
| fixed length control field | 01575cam a2200373 i 4500 |
| 001 - CONTROL NUMBER | |
| control field | 75042 |
| 003 - CONTROL NUMBER IDENTIFIER | |
| rucl marc code | BD-RjUL |
| 005 - DATE AND TIME OF LATEST TRANSACTION | |
| control field | 20211209082633.0 |
| 008 - FIXED-LENGTH DATA ELEMENTS--GENERAL INFORMATION | |
| fixed length control field | 190113s2013 bg b 001 0 beno |
| 020 ## - INTERNATIONAL STANDARD BOOK NUMBER | |
| International Standard Book Number | 9789849041740 |
| 025 ## - OVERSEAS ACQUISITION NUMBER | |
| Overseas acquisition number | B-B-2013-331395; 21-90 |
| 035 ## - SYSTEM CONTROL NUMBER | |
| System control number | (BD-RjUL)75260 |
| 037 ## - SOURCE OF ACQUISITION | |
| Source of stock number/acquisition | Library of Congress -- New Delhi Overseas Office |
| 040 ## - CATALOGING SOURCE | |
| Original cataloging agency | DLC |
| Language of cataloging | ben |
| Description conventions | rda |
| Transcribing agency | DLC |
| Modifying agency | DLC |
| -- | BD-RjUL |
| 041 0# - LANGUAGE CODE | |
| Language code of text/sound track or separate title | ben |
| -- | eng |
| 042 ## - AUTHENTICATION CODE | |
| Authentication code | lcode |
| -- | pcc |
| 043 ## - GEOGRAPHIC AREA CODE | |
| Geographic area code | a-bg--- |
| 082 ## - DEWEY DECIMAL CLASSIFICATION NUMBER | |
| Edition number | 23 |
| Classification number | 954.92051 |
| Author mark and year | KHM 2013 |
| 100 0# - MAIN ENTRY--PERSONAL NAME | |
| Personal name | খাতুন, খোদেজা |
| 9 (RLIN) | 226907 |
| 245 10 - TITLE STATEMENT | |
| Title | মুক্তিযুদ্ধে বাঙালি বুদ্ধিজীবীদের ভূমিকা / |
| Statement of responsibility, etc. | খোদেজা খাতুন |
| 264 #1 - PRODUCTION, PUBLICATION, DISTRIBUTION, MANUFACTURE, AND COPYRIGHT NOTICE | |
| Place of production, publication, distribution, manufacture | ঢাকা : |
| Name of producer, publisher, distributor, manufacturer | সুবর্ণ, |
| Date of production, publication, distribution, manufacture, or copyright notice | ২০১৩ |
| 300 ## - PHYSICAL DESCRIPTION | |
| Pagination | ২৪৭ পৃ, [ ১ ] ; |
| Size | ২২ সেমি. |
| 336 ## - CONTENT TYPE | |
| Content type term | text |
| Content type code | txt |
| Source | rdacontent |
| 337 ## - MEDIA TYPE | |
| Media type term | unmediated |
| Media type code | n |
| Source | rdamedia |
| 338 ## - CARRIER TYPE | |
| Carrier type term | volume |
| Carrier type code | nc |
| Source | rdacarrier |
| 504 ## - BIBLIOGRAPHY, ETC. NOTE | |
| Bibliography, etc | গ্রন্থাগারিক রেফারেন্স এবং সূচী অন্তর্ভুক্ত। |
| 520 ## - SUMMARY, ETC. | |
| Summary, etc. | Articles on the role and participation of intellectuals from Bangladesh in 1971 liberation movement. |
| 651 #0 - SUBJECT ADDED ENTRY--GEOGRAPHIC NAME | |
| Geographic name | Bangladesh |
| General subdivision | Intellectual life |
| Chronological subdivision | 20th century. |
| 9 (RLIN) | 226908 |
| Geographic name | বাংলাদেশ |
| General subdivision | বুদ্ধিজীবীদের জীবন |
| Chronological subdivision | ২0 শতক। |
| 9 (RLIN) | 226909 |
| 942 ## - ADDED ENTRY ELEMENTS (KOHA) | |
| Source of classification or shelving scheme | Dewey Decimal Classification |
| Koha item type | Books |
| Lost status | Source of classification or shelving scheme | Damaged status | Not for loan | Collection code | Permanent Location | Current Location | Shelving location | Date acquired | Source of acquisition | Cost, normal purchase price | Total Checkouts | Full call number | Date last seen | Copy number | Koha item type | Total Renewals | Date checked out |
|---|---|---|---|---|---|---|---|---|---|---|---|---|---|---|---|---|---|
| Dewey Decimal Classification | Not For Loan | Non-fiction | Central Library, University of Rajshahi | Central Library, University of Rajshahi | Reading Room | 05/04/2017 | Viddasagar, Rajshahi | 400.00 | B 954.92051 KHM 2013 | 13/01/2019 | C-1 | Books | |||||
| Dewey Decimal Classification | Non-fiction | Central Library, University of Rajshahi | Central Library, University of Rajshahi | 05/04/2017 | Viddasagar, Rajshahi | 400.00 | B 954.92051 KHM 2013 | 13/01/2019 | C-2 | Books | |||||||
| Dewey Decimal Classification | Non-fiction | Central Library, University of Rajshahi | Central Library, University of Rajshahi | 05/04/2017 | Viddasagar, Rajshahi | 400.00 | 1 | B 954.92051 KHM 2013 | 25/07/2019 | C-3 | Books | 1 | 25/06/2019 | ||||
| Dewey Decimal Classification | Non-fiction | Central Library, University of Rajshahi | Central Library, University of Rajshahi | 28/09/2019 | Vidyasagar, Rajshahi | 400.00 | 1 | B 954.92051 KHM 2013 | 05/03/2020 | C-4 | Books | 16/02/2020 |